000 00588nam a2200205Ia 4500
001 15068
003 GE_BSU
008 181216s||||||||xx |||||||||||||| ||und||
040 _cGE_BSU
080 _a517.955
100 _aВекуа,И.Н.
245 _aОбобщенные аналитические функции
245 _cПод.ред.О.А.Олейник. и Б.В.Шабата
260 _aМосква
260 _bНаука
260 _c1988
300 _a510стр.22см.
653 _aОбобщенные аналитические функции
942 _cBK
999 _c48186
_d48186